| 000 | 00465nam a2200181Ia 4500 | ||
|---|---|---|---|
| 001 | 24332 | ||
| 005 | 20260414151036.0 | ||
| 008 | 260414t2019||||xx |||||||||||||| ||spa|| | ||
| 041 | _aESP | ||
| 082 |
_a345.3 _bS24 |
||
| 100 |
_aSánchez-Vera Gómez-Trelles, Javier _eAUT |
||
| 245 | 0 |
_aReconocimientos en rueda y ruedas masivas de ADN _b |
|
| 260 | _c2019 | ||
| 300 |
_a191 páginas : _c23 cm. |
||
| 650 | _aDER | ||
| 654 | _aCDE | ||
| 942 |
_cLIB _dJUS _fJUS _2ddc _n |
||
| 999 |
_c24332 _d24332 |
||